[Event "SVK-chT4 A21 2223"]
[Site "Slovakia"]
[Date "2022.12.11"]
[Round "5.5"]
[White "Brath, Zdeno"]
[Black "Ralbovsky, Milan"]
[Result "1-0"]
[WhiteElo "1559"]
[BlackElo "1335"]
[PlyCount "57"]
[EventDate "2022.10.09"]
[EventType "team-tourn"]
[EventRounds "11"]
[EventCountry "SVK"]
[SourceTitle "EXT 2024"]
[Source "ChessBase"]
[SourceDate "2023.10.10"]
[SourceVersion "1"]
[SourceVersionDate "2023.10.10"]
[SourceQuality "1"]
[WhiteTeam "Brezova pod Bradlom"]
[BlackTeam "Petrova Ves"]
[WhiteTeamCountry "SVK"]
[BlackTeamCountry "SVK"]

1. e4 e5 2. Bc4 Bc5 3. d3 d6 4. Nc3 Qf6 5. Nf3 c6 6. h3 h6 7. 0-0 Ne7 8. a3 Qg6 9. Kh2 Nd7 10. Be3 Bxe3 11. fxe3 Nf6 12. Qe1 Bd7 13. d4 d5 14. Nxe5 Qh7 15. Nxd7 Kxd7 16. exd5 cxd5 17. Bd3 Qg8 18. Qg3 Qb8 19. Rf4 g5 20. Rxf6 Qxg3+ 21. Kxg3 Raf8 22. Raf1 Re8 23. Rxf7 Kc8 24. Nb5 Kd7 25. Nxa7 Kd8 26. Nb5 Nc8 27. R1f3 h5 28. Bf5 Rh6 29. Rd7# 1-0

[Event "SVK-chT4 A21 2122"]
[Site "Slovakia"]
[Date "2021.10.31"]
[Round "2.5"]
[White "Davidik, Miroslav"]
[Black "Brath, Zdeno"]
[Result "1/2-1/2"]
[WhiteElo "1500"]
[BlackElo "1544"]
[PlyCount "21"]
[EventDate "2021.10.17"]
[EventType "team-tourn"]
[EventRounds "11"]
[EventCountry "SVK"]
[SourceTitle "EXT 2023"]
[Source "ChessBase"]
[SourceDate "2022.10.05"]
[SourceVersion "1"]
[SourceVersionDate "2022.10.05"]
[SourceQuality "1"]
[WhiteTeam "Skalica II"]
[BlackTeam "Brezova pod Bradlom"]
[WhiteTeamCountry "SVK"]
[BlackTeamCountry "SVK"]

1. e4 e5 2. f4 exf4 3. Nf3 Bc5 4. Bc4 Nc6 5. d4 Bb6 6. Bxf4 d6 7. c3 Bg4 8. Nbd2 h6 9. Bb5 Bd7 10. a4 a6 11. Bc4 1/2-1/2

[Event "SVK-chT4 A21 1819"]
[Site "Slovakia"]
[Date "2019.03.03"]
[Round "10.4"]
[White "Hyza, Richard"]
[Black "Brath, Zdeno"]
[Result "0-1"]
[WhiteElo "1223"]
[BlackElo "1518"]
[PlyCount "64"]
[EventDate "2018.10.14"]
[EventType "team-tourn"]
[EventRounds "11"]
[EventCountry "SVK"]
[SourceTitle "CBM 189 Extra"]
[Source "ChessBase"]
[SourceDate "2019.06.03"]
[SourceVersion "1"]
[SourceVersionDate "2019.06.03"]
[SourceQuality "1"]
[WhiteTeam "Gbely Nafta III"]
[BlackTeam "Brezova pod Bradlom"]
[WhiteTeamCountry "SVK"]
[BlackTeamCountry "SVK"]

1. f4 d6 2. Nf3 Nc6 3. e3 Nf6 4. Nc3 Bg4 5. Be2 e5 6. fxe5 dxe5 7. 0-0 e4 8. Nd4 Ne5 9. b3 a6 10. Bxg4 Nexg4 11. Nxe4 Nxe4 12. Qxg4 Nf6 13. Qf3 c6 14. Bb2 Be7 15. Nxc6 bxc6 16. Qxc6+ Kf8 17. d4 Nd5 18. e4 Nb4 19. Qc4 Qe8 20. c3 Nc2 21. Rae1 Nxe1 22. Rxe1 h5 23. Rf1 Rh6 24. e5 Kg8 25. d5 Rc8 26. Qd3 Bc5+ 27. Kh1 Qxe5 28. Bc1 Rf6 29. Rxf6 Qxf6 30. Qf3 Re8 31. h3 Re1+ 32. Kh2 Bd6+ 0-1

[Event "SVK-chT4 A21 1819"]
[Site "Slovakia"]
[Date "2019.02.03"]
[Round "8.5"]
[White "Brath, Zdeno"]
[Black "Kuracina, Lubomir"]
[Result "1-0"]
[WhiteElo "1518"]
[BlackElo "1464"]
[PlyCount "85"]
[EventDate "2018.10.14"]
[EventType "team-tourn"]
[EventRounds "11"]
[EventCountry "SVK"]
[SourceTitle "CBM 189 Extra"]
[Source "ChessBase"]
[SourceDate "2019.06.03"]
[SourceVersion "1"]
[SourceVersionDate "2019.06.03"]
[SourceQuality "1"]
[WhiteTeam "Brezova pod Bradlom"]
[BlackTeam "Chtelnica Kamenar"]
[WhiteTeamCountry "SVK"]
[BlackTeamCountry "SVK"]

1. e4 e5 2. Bc4 a6 3. Nf3 d6 4. h3 b5 5. Bb3 c5 6. Bd5 Ra7 7. d3 Be7 8. Be3 h6 9. b4 Qc7 10. c4 Nf6 11. Nc3 bxc4 12. Bxc4 Nc6 13. b5 Nd8 14. Rb1 Qa5 15. Bd2 0-0 16. Nd5 Qxd2+ 17. Qxd2 Nxd5 18. Bxd5 axb5 19. 0-0 Be6 20. Bb3 f5 21. exf5 Rxf5 22. Rfe1 Kh8 23. Bxe6 Nxe6 24. Qc2 Rf8 25. d4 cxd4 26. Rxb5 Nc5 27. Reb1 d3 28. Qc4 Rf4 29. Rb8+ Kh7 30. Qg8+ Kg6 31. Qd5 Rfa4 32. R1b2 R7a5 33. R8b5 Ra6 34. Rxc5 dxc5 35. Nxe5+ Kf6 36. Nxd3 Rd4 37. Qf3+ Kg6 38. Ne5+ Kh7 39. Qf5+ Kg8 40. Qf7+ Kh7 41. Qxe7 c4 42. Rb7 Rxa2 43. Qxg7# 1-0

[Event "SVK-chT4 A21 1718"]
[Site "Slovakia"]
[Date "2018.02.11"]
[Round "9.5"]
[White "Brath, Zdeno"]
[Black "Siska, Kristof"]
[Result "0-1"]
[WhiteElo "1571"]
[BlackElo "1671"]
[PlyCount "56"]
[EventDate "2017.10.01"]
[EventType "team-tourn"]
[EventRounds "11"]
[EventCountry "SVK"]
[SourceTitle "EXT 2020"]
[Source "ChessBase"]
[SourceDate "2019.10.17"]
[SourceVersion "1"]
[SourceVersionDate "2019.10.17"]
[SourceQuality "1"]
[WhiteTeam "Brezova pod Bradlom"]
[BlackTeam "Piestany Kupele II"]
[WhiteTeamCountry "SVK"]
[BlackTeamCountry "SVK"]

1. e4 c5 2. Bc4 d6 3. Nc3 a6 4. a4 Nf6 5. h3 e6 6. d4 cxd4 7. Qxd4 Nc6 8. Qd1 Be7 9. Be3 Bd7 10. Nge2 Ne5 11. Bb3 b5 12. a5 b4 13. Na4 Nxe4 14. Nb6 Rb8 15. f4 Bh4+ 16. Kf1 Bb5 17. Kg1 Nc6 18. Bc4 Bxc4 19. Nxc4 d5 20. Bb6 Rxb6 21. Nxb6 Nxa5 22. Na4 Nc4 23. Qd3 Bf2+ 24. Kh2 Qh4 25. Rhf1 Ne3 26. Rxf2 Nxf2 27. Qxa6 Neg4+ 28. Kg1 Nxh3+ 0-1

[Event "SVK-chT4 A21 1617"]
[Site "Slovakia"]
[Date "2017.02.12"]
[Round "9.4"]
[White "Ralbovsky, Milan"]
[Black "Brath, Zdeno"]
[Result "0-1"]
[WhiteElo "1500"]
[BlackElo "1544"]
[PlyCount "72"]
[EventDate "2016.10.09"]
[EventType "team-tourn"]
[EventRounds "11"]
[EventCountry "SVK"]
[SourceTitle "EXT 2020"]
[Source "ChessBase"]
[SourceDate "2019.10.17"]
[SourceVersion "1"]
[SourceVersionDate "2019.10.17"]
[SourceQuality "1"]
[WhiteTeam "Gbely Nafta III"]
[BlackTeam "Brezova pod Bradlom"]
[WhiteTeamCountry "SVK"]
[BlackTeamCountry "SVK"]

1. e4 e5 2. Nf3 Nc6 3. Nc3 Bc5 4. d3 d6 5. a3 h6 6. Nd5 Nf6 7. b4 Bb6 8. Nxb6 axb6 9. h3 Be6 10. Be3 b5 11. Be2 0-0 12. 0-0 d5 13. Bc5 Re8 14. exd5 Nxd5 15. Qd2 Qf6 16. d4 e4 17. Nh2 Qg6 18. g4 f5 19. Kh1 Qf7 20. Bxb5 Bd7 21. c4 e3 22. fxe3 Nxe3 23. Rf3 Nxc4 24. Qc3 Be6 25. Kg1 f4 26. Bxc6 bxc6 27. a4 Bd5 28. Rf2 Re3 29. Qc1 Rg3+ 30. Kf1 Ne3+ 31. Ke2 Re8 32. Nf3 Bxf3+ 33. Rxf3 Rxf3 34. Kxf3 Qd5+ 35. Kxf4 g5+ 36. Kg3 Qg2# 0-1

[Event "SVK-chT4 A21 1617"]
[Site "Slovakia"]
[Date "2016.12.18"]
[Round "6.5"]
[White "Holiencin, Filip"]
[Black "Brath, Zdeno"]
[Result "1/2-1/2"]
[WhiteElo "1733"]
[BlackElo "1524"]
[PlyCount "71"]
[EventDate "2016.10.09"]
[EventType "team-tourn"]
[EventRounds "11"]
[EventCountry "SVK"]
[SourceTitle "EXT 2018"]
[Source "ChessBase"]
[SourceDate "2017.10.13"]
[SourceVersion "1"]
[SourceVersionDate "2017.10.13"]
[SourceQuality "1"]
[WhiteTeam "Holic II"]
[BlackTeam "Brezova pod Bradlom"]
[WhiteTeamCountry "SVK"]
[BlackTeamCountry "SVK"]

1. d4 d5 2. c4 Bf5 3. Nc3 Nf6 4. Nf3 e6 5. Bg5 Be7 6. e3 h6 7. Bh4 0-0 8. Rc1 c6 9. cxd5 exd5 10. Bd3 Ne4 11. Bxe7 Qxe7 12. Bxe4 dxe4 13. Ne5 Qg5 14. g4 Be6 15. Nxe4 Qe7 16. Nc3 Nd7 17. Nxd7 Bxd7 18. h4 Rad8 19. Kd2 b5 20. Qf3 f5 21. g5 Qd6 22. gxh6 Qxh6 23. Ne2 Be8 24. Nf4 Qd6 25. Nd3 f4 26. Nxf4 Qb4+ 27. Rc3 c5 28. d5 Bg6 29. Kc1 Be4 30. Qh3 Bxh1 31. Qxh1 Rxf4 32. exf4 Qxf4+ 33. Kb1 Qxf2 34. Qe4 c4 35. Rf3 Qb6 36. Qf5 1/2-1/2

[Event "SVK-chT4 A21 1617"]
[Site "Slovakia"]
[Date "2016.11.20"]
[Round "4.5"]
[White "Ganz, Tomas"]
[Black "Brath, Zdeno"]
[Result "0-1"]
[WhiteElo "1328"]
[BlackElo "1524"]
[PlyCount "66"]
[EventDate "2016.10.09"]
[EventType "team-tourn"]
[EventRounds "11"]
[EventCountry "SVK"]
[SourceTitle "EXT 2018"]
[Source "ChessBase"]
[SourceDate "2017.10.13"]
[SourceVersion "1"]
[SourceVersionDate "2017.10.13"]
[SourceQuality "1"]
[WhiteTeam "Trnava Lokomotiva Jun"]
[BlackTeam "Brezova pod Bradlom"]
[WhiteTeamCountry "SVK"]
[BlackTeamCountry "SVK"]

1. e4 e5 2. Nf3 Nc6 3. Bb5 d6 4. Nc3 Bd7 5. d3 h6 6. Be3 Be7 7. Qd2 Nf6 8. 0-0-0 a6 9. Bxc6 Bxc6 10. h3 b5 11. a3 a5 12. g4 b4 13. axb4 axb4 14. Nb1 Qb8 15. Qe2 Ra2 16. Nfd2 d5 17. d4 Bb5 18. Qf3 c5 19. Qg3 Nd7 20. dxe5 Nxe5 21. exd5 Bf6 22. Nf3 0-0 23. Bf4 Nc4 24. Rd4 Qa8 25. g5 Bxd4 26. Nxd4 h5 27. Nxb5 Rxb2 28. Qd3 Qa2 29. c3 Re8 30. Be3 Nxe3 31. fxe3 Rxe3 32. Qf5 Rbe2 33. Qc8+ Re8 0-1

[Event "SVK-chT4 A21 1516"]
[Site "Slovakia"]
[Date "2015.12.13"]
[Round "5.4"]
[White "Brath, Zdeno"]
[Black "Podjavorinsky, Peter"]
[Result "1-0"]
[WhiteElo "1480"]
[BlackElo "1694"]
[PlyCount "43"]
[EventDate "2015.10.04"]
[EventType "team-tourn"]
[EventRounds "11"]
[EventCountry "SVK"]
[SourceTitle "CBM 170 Extra"]
[Source "ChessBase"]
[SourceDate "2016.02.25"]
[SourceVersion "1"]
[SourceVersionDate "2016.02.25"]
[SourceQuality "1"]
[WhiteTeam "Brezova pod Bradlom"]
[BlackTeam "Vrbove III"]
[WhiteTeamCountry "SVK"]
[BlackTeamCountry "SVK"]

1. e4 e5 2. Bc4 Bc5 3. d3 Nc6 4. Nf3 h6 5. Nc3 Nf6 6. Nd5 d6 7. h3 a6 8. c3 Ba7 9. Be3 Bb8 10. Nxf6+ Qxf6 11. d4 exd4 12. Nxd4 Bd7 13. Bd5 Ba7 14. Qd2 Bxd4 15. cxd4 Rb8 16. Rc1 0-0 17. f4 Rfe8 18. 0-0 Ne7 19. Bb3 c6 20. e5 dxe5 21. fxe5 Qg6 22. Bxf7+ 1-0

[Event "SVK-chT4A21 1415"]
[Site "Slovakia"]
[Date "2015.02.15"]
[Round "9.5"]
[White "Brath, Zdeno"]
[Black "Kozinka, Jan"]
[Result "0-1"]
[WhiteElo "1500"]
[BlackElo "1791"]
[PlyCount "60"]
[EventDate "2014.10.12"]
[EventType "team-tourn"]
[EventRounds "11"]
[EventCountry "SVK"]
[SourceTitle "EXT 2022"]
[Source "ChessBase"]
[SourceDate "2021.10.06"]
[SourceVersion "1"]
[SourceVersionDate "2021.10.06"]
[SourceQuality "1"]
[WhiteTeam "Brezova"]
[BlackTeam "Modranka Komplet Juniors"]
[WhiteTeamCountry "SVK"]
[BlackTeamCountry "SVK"]

1. e4 c5 2. Bc4 Nf6 3. e5 d5 4. exf6 dxc4 5. fxg7 Bxg7 6. c3 Nc6 7. Na3 Ne5 8. Nxc4 Nd3+ 9. Kf1 Nxc1 10. Rxc1 0-0 11. Nf3 e5 12. Ncxe5 Qb6 13. b3 Re8 14. Nc4 Qf6 15. h3 b5 16. Ne3 Bb7 17. Nh2 Rad8 18. Nhg4 Qd6 19. Rc2 f5 20. Nxf5 Qd3+ 21. Kg1 Qxf5 22. Kh2 Qf4+ 23. Kg1 Qe4 24. Ne3 Qd3 25. h4 Kh8 26. Rh3 Qe4 27. Qg4 Qxg4 28. Nxg4 Re1+ 29. Kh2 h5 30. Ne3 Be5+ 0-1

[Event "SVK-chT4A21 1415"]
[Site "Slovakia"]
[Date "2014.11.23"]
[Round "4.5"]
[White "Brath, Zdeno"]
[Black "Nedorost, Lubomir"]
[Result "0-1"]
[WhiteElo "1500"]
[BlackElo "1707"]
[PlyCount "94"]
[EventDate "2014.10.12"]
[EventType "team-tourn"]
[EventRounds "11"]
[EventCountry "SVK"]
[SourceTitle "EXT 2022"]
[Source "ChessBase"]
[SourceDate "2021.10.06"]
[SourceVersion "1"]
[SourceVersionDate "2021.10.06"]
[SourceQuality "1"]
[WhiteTeam "Brezova"]
[BlackTeam "Piestany Kupele II"]
[WhiteTeamCountry "SVK"]
[BlackTeamCountry "SVK"]

1. e4 c5 2. Bc4 Nc6 3. Nf3 d6 4. d3 g6 5. Be3 Bg7 6. c3 Ne5 7. Nxe5 Bxe5 8. Qf3 Nf6 9. h3 Qa5 10. 0-0 b5 11. Bxf7+ Kxf7 12. d4 cxd4 13. cxd4 Qb4 14. dxe5 dxe5 15. b3 Bb7 16. Nd2 Bxe4 17. Nxe4 Qxe4 18. Qxe4 Nxe4 19. Rac1 a5 20. Kh2 Rac8 21. f4 Rxc1 22. Bxc1 exf4 23. Rxf4+ Nf6 24. a3 Rc8 25. Bd2 Ra8 26. a4 b4 27. Rc4 Rd8 28. Bg5 Rd5 29. Bxf6 Kxf6 30. Kg1 Rf5 31. Rc6+ e6 32. Ra6 h5 33. h4 Re5 34. Kf2 Kf5 35. Kf3 g5 36. hxg5 Kxg5 37. Ra8 Rf5+ 38. Ke4 Kg4 39. Rg8+ Rg5 40. Re8 Kg3 41. Rxe6 Kxg2 42. Kf4 Rg4+ 43. Kf5 Kf3 44. Re5 h4 45. Rd5 Rg3 46. Rd3+ Kf2 47. Rd4 h3 0-1